000 01298nam a22003017a 4500
001 05197
003 HDC
007 cr bn ---aaaaa
008 210119b20122012xxu||||| |||| 00| 0 eng d
020 _a9781439850237
040 _aHDC
245 0 _aHandbook of Animal-Based Fermented Food and Beverage Technology:
_bChapter 20, Cheddar and Related Hard Cheeses
_c/ Stephanie Clark and Shantanu Agarwal
250 _aSecond edition
260 _aUnited States:
_bCRC Press (Taylor & Francis),
_c2012
300 _a1 online resource (28 pages)
336 _atext
_2rdacontent
337 _acomputer
_2rdamedia
338 _aonline resource
_2rdacarrier
500 _aOriginally published: Handbook of Animal-Based Fermented Food and Beverage Technology (xvi, 798 pages: illustrations)
_aIncludes bibliographical references
650 _aBeverages
_xMicrobiology
_vHandbooks, manuals, etc.
_95354
650 _aFermented foods
_vHandbooks, manuals, etc.
_95353
700 _aAgarwal, Shantanu
_econtributor
_95399
700 _aClark, Stephanie
_econtributor
_95398
856 _zRequest full-text at [email protected]
942 _2lcc
942 _cCHAP
942 _kEBCH 004078
999 _c2521
_d2521